Les villes les plus peuplées du Gabon - Statistiques

Statistiques générales
  • Ce quiz a été pris 106 fois
  • Le résultat moyen est 8 sur 15
Statistiques - réponses
Population Ville % Correct
753 550 Libreville
100%
142 280 Port-Gentil
93%
56 002 Franceville
88%
26 998 Lambaréné
76%
40 235 Oyem
72%
13 421 Bitam
57%
29 286 Mouila
57%
21 143 Koulamoutou
50%
25 239 Tchibanga
50%
17 688 Makokou
47%
39 298 Moanda
43%
11 169 Ntoum
43%
11 443 Mounana
11%
12 939 Gamba
9%
12 977 Tsogni
1%
Aucun quiz correspondant
Distribution des résultats
% des personnes avec chaque résultat
Percentile par nombre de réponses
Votre historique - résultats
Vous n’avez pas pris ce quiz